LIBRARY & INFORMATION CENTRE, KCAET, TAVANUR

ONLINE PUBLIC ACCESS CATALOGUE (OPAC)

Steel skeleton Vol.3,: Plastic behaviour and design / (Record no. 10220)

MARC details
000 -LEADER
fixed length control field 00465cam a2200169ua 4500
003 - CONTROL NUMBER IDENTIFIER
control field OSt
008 - FIXED-LENGTH DATA ELEMENTS--GENERAL INFORMATION
fixed length control field 250610b |||||||| |||| 00| 0 eng d
041 ## - LANGUAGE CODE
Language code of text/sound track or separate title eng
082 ## - DEWEY DECIMAL CLASSIFICATION NUMBER
Classification number 624.1821
Item number BAK/ST
100 ## - MAIN ENTRY--AUTHOR NAME
Personal name Baker, J.F .
245 ## - TITLE STATEMENT
Title Steel skeleton Vol.3,: Plastic behaviour and design /
260 ## - PUBLICATION, DISTRIBUTION, ETC. (IMPRINT)
Place of publication Cambridge :
Name of publisher Cambridge University Press ,
Year of publication 1961.
300 ## - PHYSICAL DESCRIPTION
Number of Pages 408 ; .
700 1# - ADDED ENTRY--PERSONAL NAME
Personal name Heyman, J .
700 1# - ADDED ENTRY--PERSONAL NAME
Personal name Horne, M.K .
942 ## - ADDED ENTRY ELEMENTS (KOHA)
Koha item type Books
Holdings
Withdrawn status Lost status Damaged status Home library Current library Date acquired Full call number Accession Number Koha item type
      KAUAET KAUAET 07/04/2012 624.1821 BAK/ST 794 Books
      KAUAET KAUAET 07/04/2012 624.1821 BAK/ST 12254 Books
free website counter